The pandemic century : (Record no. 127080)

MARC details
000 -LEADER
campo de control de longitud fija 02229nam a2200301 i 4500
001 - NÚMERO DE CONTROL
campo de control 9918782157304201
003 - IDENTIFICADOR DE NÚMERO DE CONTROL
campo de control BJBSDDR
005 - FECHA Y HORA DE LA ÚLTIMA TRANSACCIÓN
campo de control 20260513163755.0
006 - CÓDIGOS DE INFORMACIÓN DE LONGITUD FIJA--CARACTERÍSTICAS DEL MATERIAL ADICIONAL
campo de control de longitud fija a|||||r|||| 00| 0
007 - CAMPO FIJO DE DESCRIPCIÓN FÍSICA--INFORMACIÓN GENERAL
campo de control de longitud fija ta
008 - DATOS DE LONGITUD FIJA--INFORMACIÓN GENERAL
campo de control de longitud fija 260225s2020 xxu r 000 0 eng d
020 ## - NÚMERO INTERNACIONAL ESTÁNDAR DEL LIBRO
Número Internacional Estándar del Libro 9780393541311
040 ## - FUENTE DE CATALOGACIÓN
Centro catalogador/agencia de origen ES-MaCSI
Lengua de catalogación spa
Centro/agencia transcriptor BJBSDDR
041 ## - CÓDIGO DE IDIOMA
Código de lengua del texto/banda sonora o título independiente eng
050 ## - SIGNATURA TOPOGRÁFICA DE LA BIBLIOTECA DEL CONGRESO
Número de ítem H773p 2020
100 1# - ENTRADA PRINCIPAL--NOMBRE DE PERSONA
Nombre de persona Honigsbaum, Mark,
Fechas asociadas al nombre 1960-
9 (RLIN) 48423
245 14 - MENCIÓN DEL TÍTULO
Título The pandemic century :
Resto del título one hundred years of panic, hysteria, and hubris /
Mención de responsabilidad, etc. Mark Honigsbaum.
260 ## - PUBLICACIÓN, DISTRIBUCIÓN, ETC.
Lugar de publicación, distribución, etc. New York, NY :
Nombre del editor, distribuidor, etc. W. W. Norton & Company,
Fecha de publicación, distribución, etc. 2020.
300 ## - DESCRIPCIÓN FÍSICA
Extensión 478 pages :
Otras características físicas illustrations ;
Dimensiones 21 cm.
500 ## - NOTA GENERAL
Nota general En cubierta: "With a new chapter and updated epilogue on Coronavirus."
504 ## - NOTA DE BIBLIOGRAFÍA, ETC.
Nota de bibliografía, etc. Incluye notas e índice.
505 ## - NOTA DE CONTENIDO CON FORMATO
Nota de contenido con formato Contenidos : Prologue: Sharks and Other Predators<br/>The Blue Death<br/>Plague in the City of Angels<br/>The Great Parrot Fever Pandemic<br/>The “Philly Killer”<br/>Legionnaires’ Redux<br/>AIDS in America, AIDS in Africa<br/>SARS: “Super Spreader”<br/>Ebola at the Borders<br/>Z is for Zika<br/>Disease X (in later editions / COVID update)<br/>Epilogue: The Pandemic Century<br/><br/>Also included:<br/><br/>Notes<br/>Abbreviations<br/>Acknowledgments<br/>Index
520 ## - RESUMEN, ETC.
Sumario, etc. How can we understand the COVID-19 pandemic? Ever since the 1918 Spanish influenza pandemic, scientists have dreamed of preventing such catastrophic outbreaks of infectious disease. Yet despite a century of medical progress, viral and bacterial disasters continue to take us by surprise, inciting panic and dominating news cycles. In The Pandemic Century, a lively account of scares both infamous and less known, medical historian Mark Honigsbaum combines reportage with the history of science and medical sociology to artfully reconstruct epidemiological mysteries and the ecology of infectious diseases. We meet dedicated disease detectives, obstructive or incompetent public health officials, and brilliant scientists often blinded by their own knowledge of bacteria and viruses--and see how fear of disease often exacerbates racial, religious, and ethnic tensions.
650 #7 - PUNTO DE ACCESO ADICIONAL DE MATERIA--TÉRMINO DE MATERIA
Término de materia o nombre geográfico como elemento de entrada Epidemiología
Subdivisión general Historia
Subdivisión geográfica 19..-20..
Fuente del encabezamiento o término CSICAU
650 #7 - PUNTO DE ACCESO ADICIONAL DE MATERIA--TÉRMINO DE MATERIA
Término de materia o nombre geográfico como elemento de entrada Errores médicos
Subdivisión general Historia.
Fuente del encabezamiento o término CSICAU
942 ## - ELEMENTOS DE ENTRADA SECUNDARIOS (KOHA)
Fuente del sistema de clasificación o colocación Clasificación de Library of Congress
Suprimir en OPAC No
Tipo de ítem Koha Libro
946 ## - PROCESAMIENTO DE INFORMACIÓN LOCAL (OCLC)
Iniciales del agente catalogador llh
Holdings
Estatus retirado Estado de pérdida Fuente del sistema de clasificación o colocación Estado de daño No para préstamo Colección Biblioteca de origen Biblioteca actual Ubicación en estantería Fecha de adquisición Signatura topográfica completa Código de barras Visto por última vez Copia número Tipo de ítem Koha
    Clasificación de Library of Congress     Automatización y Procesos Técnicos Biblioteca Juan Bosch Biblioteca Juan Bosch Automatización y Procesos Técnicos (1er. Piso) 13/05/2026 H773p 2020 00000200095 13/05/2026 1 Libro